| 000 | 00456nam a22001337a 4500 | ||
|---|---|---|---|
| 082 |
_a625.85 _bMIN _cD. |
||
| 100 |
_aMinistry of transport. _943826 |
||
| 245 |
_aBituminous materials in road construction: _cMinistry of transport. |
||
| 260 |
_aEngland. _bThe English Language Book Society and Her Majesty's Stationery Office. _c1962. |
||
| 300 |
_axxiv, 611 p.: _bill. |
||
| 526 |
_a0 _b0 _c0 _d625_850000000000000_MIN |
||
| 650 |
_aMCE _9379 |
||
| 942 |
_2ddc _cBK |
||
| 999 |
_c547729 _d547729 |
||